Statistics for Top 30 most recognized brands in the U.S.

Click here to take the quiz!

General Stats

  • This quiz has been taken 80 times
  • The average score is 21 of 30

Answer Stats

HintAnswer% Correct
Social Media Co.Facebook
97%
Fast FoodMcDonalds
97%
Internet Search EngineGoogle
94%
Tech Co.Apple
92%
Sports ApparelNike
92%
Beverage Co.Coca Cola
90%
Social MediaInstagram
90%
Online RetailerAmazon
89%
Internet VideoYoutube
87%
American Auto MakerFord
86%
Japanese Auto MakerToyota
83%
Beverage Co.Pepsi
80%
Social MediaTwitter
80%
Sports ApparelAdidas
79%
Credit Card Co.Visa
73%
Fast FoodBurger King
72%
Japanese Auto MakerHonda
72%
German Auto MakerBMW
70%
Blue JeansLevis
68%
German Auto MakerMercedes
68%
Tech Co.Microsoft Windows
68%
Comics/EntertainmentMarvel
65%
Italian Auto MakerFerrari
61%
Entertainment GiantDisney
59%
Japanese Auto MakerNissan
48%
Shipping Co.Federal Express
44%
Beverage Co.Starbucks
32%
Toy Co.Lego
27%
MagazinePlayboy
25%
Beverage Co.Red Bull
14%

Score Distribution

Percentile by Number Answered

Percent of People with Each Score

Your Score History

You have not taken this quiz